|
|
|
|
| LEADER |
00000ny a22000003n 4500 |
| 005 |
20070926050445.0 |
| 008 |
751101c19259999iauqx p g 0 a0eng |
| 010 |
|
|
|a 16027401
|z sn 78005753
|
| 022 |
0 |
|
|a 0021-0552
|
| 035 |
|
|
|a 2079
|
| 040 |
|
|
|a DLC
|c MnMULS
|d vLex
|
| 050 |
0 |
0 |
|a K9
|b .O88
|
| 050 |
0 |
0 |
|a K9
|b .O88
|
| 082 |
0 |
|
|a 349.777/05
|a 347.77005
|
| 090 |
|
|
|c 1526
|d 1526
|
| 245 |
0 |
0 |
|a Iowa law review
|h [Recurso electrn̤ico]
|
| 256 |
|
|
|a Servicio en ln̕ea
|
| 260 |
|
|
|a Iowa City :
|b College of Law, State University of Iowa
|
| 310 |
|
|
|a Bimestral
|
| 500 |
|
|
|a "Proceedings of the thirty-ninth and fortieth annual meetings of the Iowa State Bar Association held at Waterloo ... 1934 and Sioux City ... 1933: v. 20, no. 1, Nov. 1934, supplement (203 p.)."
|
| 580 |
|
|
|a The Iowa bar review was issued as the Bar Association section of the Iowa law review from Nov. 1934-1940.
|
| 650 |
0 |
4 |
|a Derecho
|z Estados Unidos
|x Publicaciones perid̤icas
|
| 650 |
0 |
4 |
|a Jurisprudencia
|x Recopilaciones, repertorios, etc.
|z Estados Unidos
|x Publicaciones perid̤icas
|
| 710 |
2 |
|
|a University of Iowa.
|b College of Law
|
| 710 |
2 |
|
|a Iowa State Bar Association.
|t Proceedings
|
| 740 |
0 |
|
|a vLex Revista (Servicios en ln̕ea)
|
| 780 |
0 |
0 |
|t Iowa law bulletin
|
| 785 |
0 |
1 |
|a Iowa bar review
|
| 843 |
|
|
|a Electrn̤ica. Abierta
|
| 853 |
|
|
|8 1
|i (year)
|j (month)
|k (day)
|
| 856 |
4 |
0 |
|u http://vlex.com/source/2079
|z Acceso restringido
|
| 942 |
|
|
|c REV
|
| 999 |
|
0 |
|a Law reports, digests, etc.
|z Iowa.
|
| 999 |
|
0 |
|a Law reviews
|z Iowa.
|